Quizzes
Events
Quiz Creation
Community
Videos
Private Events
Remove Ads
Sign In
Join for FREE
Feedback
Dark Mode
Quiz Categories
Sports
Geography
Music
Movies
Television
Just For Fun
Miscellaneous
History
Literature
Language
Science
Gaming
Entertainment
Religion
Holiday
For Kids
Quiz Lab
Recent
Popular Today
Quiz Kudos Today
Editor Picks
Curator Picks
Quizzes by...
Day
Popularity
Type
Ratings
Length
Year
Community
Subscriptions
Recent Discussions
Orange Saloon
Badges
Playlists
Quests
Create
Leaderboards
Showdown
Live 5
Trivia Bingo
Activity
Puzzle Library
Sporcle Events
Private Events
Virtual Trivia
Globe League
Become a Host
Pub Owners
SporcleCon
Opinionation
Our Games
Videos
Blog
Mobile Apps
Partnerships
Remove Ads and Go Orange
Feedback
Television
TV Characters
TV Show
Sitcom
Network
Friends
Reality Shows
Cast
South Park
Star Trek
The Simpsons
Doctor Who
Television
TV Characters
TV Show
Sitcom
Network
Friends
Reality Shows
Cast
South Park
Star Trek
The Simpsons
Doctor Who
Random Quiz
Search Sporcle
×
Quiz Lab
Quiz Lab
Television
fan
Type in answers that appear in a list
Type in answers that appear in a list
Classic
Best Score? Go Orange.
Friends quiz for the real fans!!! Stats
Can you name the Friends quiz for the real fans!!!?
By
soxfan2010
10m
15 Questions
724 Plays
724 Plays
724 Plays
Comments
Comments
Give Quiz Kudos
Give Quiz Kudos
-
- Ratings
hide this ad
Replay
Link that replays current quiz
Next Quiz
Link to next quiz in quiz playlist
You Got
0%
They Got
Avg Score
37%
Avg Friend Score
Upgrade to see
Score Distribution
Jump to the score distribution portion of the page
Score
0/15
Timer
10:00
0
Plays Today
Question
% Correct
What is the Joey Special?
2 pizzas
77.9%
Chandler has two copies of what soundtrack?
Annie
72.7%
Monica's prom date saw what movie 317 times?
Star Wars
69.1%
What can monica only eat in even numbers?
tic tacs
62.4%
In Vegas, Ross and Rachel decided it was a good idea to get married and then to...
eat a lot of grapes
47%
What is phase 2?
getting drunk and going to a strip club
46%
Are you in there little fetus?..in 9 months will you come greet us?...
i will buy you some adidas
37.6%
When it is laundry day, Monica is wearing her
old lady underpants
33.6%
Question
% Correct
In 9th grade, Ross's obsession with Rachel begins to grow when he see her in a...
two piece
32.9%
What is the name of girl Joey hooks up with in London?
Felicity
24.2%
What weird thing did Ross have on his butt?
A Kundis
20.7%
'It was summer, and it was hot, ....'
Rachel was there
15.2%
What is Chandler Bing's job?
data reconfiguration and statistical factoring
9%
Monica's boyfriend Pete created what program?
Moss 865
7.9%
Chandler once 'had a thing of half and half' that did what?
stole his car
2.8%
Quiz Playlist
Details
Report
Send in Message
Add To Playlist
Classic:
Type in answers that appear in a list
Last Updated: Feb 16, 2017
Quiz Scoreboard
CHALLENGE
Sign Up to Join the Scoreboard
Show All
Scores
Hide
Comments
May contain spoilers
Recently Published
Billboard Blitz: Fleetwood Mac
by CooCooCachoo
Music
15s
Presidents Visiting Landmarks
by Hejman
History
7m
An Introduction to Baseball
by treessimontrees
Sports
5m
More to Explore
Quiz From the Vault
Featured Blog Post
Where Did the Easter Bunny Come From?
hide this ad
You Might Also Like...
Tags
fan
Today's Top Quizzes in Television
Browse Television
hide this ad
Today's Top Quizzes in fan
Browse fan
Top Contributed Quizzes in Television
1
5-to-1: The Simpsons Families
2
5-to-1: Television Doctors
3
7-to-1: TV Show Settings
4
One Piece Logic Puzzle
5
5-to-1: Streaming Originals
6
Survivor Seasons
7
Survivor Logic Puzzle: Heroes vs. Villains
8
TV Shows by First Names
9
Survivor Season by Logo
10
One Thing in Common: Television
Explore More
Trending Topics
Kpop
NBA
Anime
Marvel
Disney
Crossword
Harry Potter
Soccer
Puzzle
Song
Pokémon
NFL
WWE
The Office
Country
hide this ad
More By:
soxfan2010
Quiz
Plays
Rating
Category
Featured
Created
Friends quiz for the real fans!!!
724
1.13
Television
May 20, 2010
Difficult FRIENDS QUIZ!
92
1.00
Television
Apr 23, 2010
Go to Creator's Profile
Score Distribution
Quiz Creator Spotlight
soxfan2010
Follow
Send a Message
Quizzes Created
-
Created Quiz Play Count
-
More By This Creator
Popular Quizzes Today
1
Find the US States - No Outlines Minefield
2
Find the Countries of Europe - No Outlines Minefield
3
The Countries of the World
4
Find the US States
5
US States
6
Popular People in 1961
7
Risky Map Clicking: Biggest States A-Z
8
Movies - When Are They Set?
More Television Quizzes
One Gets the Lot: TV Casts II
Published
Trending Quizzes
Risky Map Clicking: Least Populous States A-Z
1-10 Letter G Words
1-10 Letter F Words
Risky Map Clicking: Next State Alphabetically
Risky Map Clicking: Biggest States A-Z
Recently Updated
Leaping Animals
pecheneg
Reality TV Shows (A-Z)
bhenderson79
Rickey Henderson's Hall of Fame Teammates
pecheneg
Champions League XIs: Arsenal
pecheneg
Quick Pick: Celebrities in WWE's Hall of Fame
aduchscher
A-Z Keypad Blitz II
pecheneg
Multiple Oscar Actors
pecheneg
Mystery Phrase Blitz: Oscar 'Best Actors'
pecheneg
F. Scott Fitzgerald Novels
LTH
Pick 3 Villains
ddd62291
Trending Topics
Anime
Crossword
Kpop
Harry Potter
Disney
NBA
Marvel
Soccer
Country
Puzzle
The Office
Pokémon
Song
NFL
WWE
Your Account Isn't Verified!
In order to create a playlist on Sporcle, you need to verify the email address you used during registration. Go to your
Sporcle Settings
to finish the process.
Report this User
Report this user for behavior that violates our
Community Guidelines
.
Details:
Send Report
Go to the Sporcle.com Mobile Site →
Comments